| 000 | 01432nam1a2200301 i 4500 | ||
|---|---|---|---|
| 001 | RU\NLR\bibl\1689889 | ||
| 005 | 20260405230935.0 | ||
| 035 | _a(NLR Aleph) 001681009 | ||
| 090 |
_a1101242 _c1101242 |
||
| 100 | _a20101022g20099999u y0rusy50 ca | ||
| 101 | 0 |
_arus _ager |
|
| 102 | _aRU | ||
| 105 | _a||||j ||||| | ||
| 200 | 1 |
_aНемецкий язык _eучебное пособие для второго года обучения _eв 2 ч. _fР.В. Винтайкина, Н.Н. Новикова, Н.Н. Саклакова _gМоск. гос. ин-т междунар. отношений (ун-т) МИД России |
|
| 210 |
_aМосква _cМГИМО-Университет _d2009 |
||
| 215 | _d28 | ||
| 463 | 0 | _10011682784 | |
| 606 | 1 |
_aНемецкий язык _jУчебные издания для высших учебных заведений _91063964 _3RU\NLR\auth\66413315 |
|
| 686 | _aШ143.24-93рус3 | ||
| 700 | 1 |
_aВинтайкина _bР. В. _gРоза Вольфовна _4070 |
|
| 701 | 1 |
_4070 _8rus _7ca _aНовикова _bН. Н. _cканд. филол. наук, немецкая литература _gНина Николаевна _3RU\NLR\auth\77104901 _987826 |
|
| 701 | 1 |
_aСаклакова _bН. Н. _gНаталья Николаевна _4070 |
|
| 801 | 0 |
_aRU _bNLR _c20101022 _gRCR |
|
| 801 | 1 |
_aRU _bNLR _c20101022 |
|
| 852 |
_aNLR _j2010-8/2932 |
||
| 942 | _cBOOK | ||